| 000 | 00737nam a2200241Ia 4500 | ||
|---|---|---|---|
| 003 | GCL | ||
| 008 | 140319s9999 xx 000 0 ara d | ||
| 040 |
_aGCL / _cGCL |
||
| 082 | 0 | 4 |
_a158.1 _bش ع |
| 100 | 1 | _aشفيق جبرى | |
| 245 | 1 | 0 |
_aالعناصر النفسية فى سياسة العرب / _cشفيق جبرى |
| 300 | _a144 ص | ||
| 490 |
_aاقرأ _v0 |
||
| 650 | 0 | 4 | _aعلم النفس |
| 650 | 0 | 4 | _aالعرب |
| 650 | 0 | 4 | _aالحرب النفسية |
| 650 | 0 | 4 | _aعلم النفس التطبيقى |
| 650 | 0 | 4 | _aالجوانب النفس بدنية |
| 650 | 0 | 4 | _aالجوانب النفسية |
| 650 | 0 | 4 | _aعلم النفس السياسى |
| 650 | 0 | 4 | _aالممارسة السياسية |
| 942 |
_2ddc _cBK |
||
| 999 |
_c47022 _d47022 |
||